000 00340nam a2200145Ia 4500
008 221030s9999 xx 000 0 und d
041 _aEnglish
082 _a105.23
100 _aM.l. Aggarwal
245 0 _aEngineering Drawng Vol. II
_cby M.l. Aggarwal, R. K. Garg
260 _c0
650 _aB
700 _aR. K. Garg
942 _cBK
999 _c13689
_d13689